| 000 | 00398nam a2200145 a 4500 | ||
|---|---|---|---|
| 005 | 20140412111316.0 | ||
| 008 | 010320s19uu xx 00 eng d | ||
| 050 |
_aER _bTr67 1974 |
||
| 100 | _aRidsdale, Angela | ||
| 245 |
_aThe Traveling fox / _cAngela Ridsdale. |
||
| 260 |
_aAustralia : _bThomas Nelson (Australia) Ltd, _c1974. |
||
| 300 | _a17 p. ; ill. | ||
| 650 | _aReading | ||
| 999 |
_c104214 _d104214 |
||